Score 0/7 Timer 03:00
0 Plays Today
Question Answer Wrong Answers
The first block of the blockchain of the decentralized payment system ______ is established by the creator of the system, Satoshi Nakamoto.
2009
Bitcoin
92.2%
Zcash
1.8%
Dogecoin
2.2%
Ethereum
1.6%
The United Kingdom reasserts their sovereignty over this South Atlantic archipelago on the Patagonian Shelf.
1833
Falkland Islands
85.1%
Pitcairn Islands
4.2%
Turks and Caicos
4.7%
Cayman Islands
6%
The United States severs diplomatic relations with this nation due to their nationalization of American assets.
1961
Cuba
82.4%
North Korea
5.5%
Soviet Union
4.7%
Vietnam
6.7%
This Panamanian leader surrenders to American forces during the US invasion of Panama.
1990
Manuel Noriega
71.7%
Evo Morales
2.9%
Hugo Chávez
9.5%
Daniel Ortega
14.1%
This Italian director and screenwriter, considered the inventor of the Spaghetti Western genre, is born.
1929
Sergio Leone
63.1%
Federico Fellini
18.4%
Bernardo Bertolucci
8.5%
Frank Capra
9.6%
This influential American multinational technology company, which is headquartered in Cupertino, California, is incorporated.
1977
Apple
63%
Amazon
2.4%
Microsoft
20.9%
IBM
12.4%
After hosting the show for over 30 years, the last ‘American Top 40’ radio program hosted by ______ airs.
2004
Casey Kasem
55.1%
Dick Clark
29.9%
Larry King
8.5%
Wolfman Jack
4.5%
Remove Ads.
Support Sporcle.
Get the best of Sporcle when you Go Orange. This ad-free experience offers more features, more stats, and more fun while also helping to support Sporcle. Thank you for becoming a member.

You're not logged in!

Compare scores with friends on all Sporcle quizzes.
OR
Log In

Show Comments

Extras

Top Quizzes Today


Score Distribution

Your Account Isn't Verified!

In order to create a playlist on Sporcle, you need to verify the email address you used during registration. Go to your Sporcle Settings to finish the process.

Report this User

Report this user for behavior that violates our Community Guidelines.

Details: